000 00361nam a2200145Ia 4500
008 221030s9999 xx 000 0 und d
020 _a8131764527
041 _aEnglish
100 _aITL ESL
245 0 _aCryptography & Network Security
_cby ITL ESL
260 _bPearson Edcuation
_aNew Delhi
_c2012
300 _a188
650 _aBE Computer
942 _cBK
999 _c15299
_d15299